| 000 | 00556nam a2200181Ia 4500 | ||
|---|---|---|---|
| 001 | 21256 | ||
| 003 | GE_BSU | ||
| 008 | 181216s||||||||xx |||||||||||||| ||und|| | ||
| 040 | _cGE_BSU | ||
| 100 | _aბრეხტი, ბერტოლდ | ||
| 245 | _aკავკასიური ცარცის წრე. პიესა 4 მოქმედებად. CD | ||
| 260 | _aთბილისი | ||
| 300 | _acd | ||
| 541 | _h18ლ.80თ. | ||
| 653 | _aCD | ||
| 653 | _aკავკასიური ცარცის წრე | ||
| 942 | _cCF | ||
| 999 |
_c54200 _d54200 |
||